Digital Fundamentals / Thomas L. Floyd (Record no. 592047)
[ view plain ]
| 000 -LEADER | |
|---|---|
| fixed length control field | 00689nam a2200133 4500 |
| 082 ## - DEWEY DECIMAL CLASSIFICATION NUMBER | |
| Classification number | 621.381,FLO |
| 100 ## - MAIN ENTRY--PERSONAL NAME | |
| Linkage | Thomas L. Floyd |
| Dates associated with a name | R.P.Jain |
| 9 (RLIN) | 101458 |
| 245 ## - TITLE STATEMENT | |
| Title | Digital Fundamentals / Thomas L. Floyd |
| 250 ## - EDITION STATEMENT | |
| Edition statement | 8th ed |
| 260 ## - PUBLICATION, DISTRIBUTION, ETC. | |
| Linkage | India |
| Place of publication, distribution, etc. | Pearson Education |
| Name of publisher, distributor, etc. | 2005 |
| 300 ## - PHYSICAL DESCRIPTION | |
| Extent | xiii : 579 p. |
| 505 ## - FORMATTED CONTENTS NOTE | |
| Formatted contents note | Introductory Digital Concepts (Page-1), Number Systems, Operations and Codes (Page-16), Boolean Algebra and Logic Simplification (Page-118), Combinatiomal Logic (Page-172), Flip Flops (Page-266), Counters (Page-304), Shift Registers (Page-354), Memory and Storage (Page-390), Integrated Circuit Technologies (Page-452), Programmable Logic Devices (Page-502). |
| 942 ## - ADDED ENTRY ELEMENTS (KOHA) | |
| Source of classification or shelving scheme | |
| Koha item type | Book |
| Withdrawn status | Lost status | Source of classification or shelving scheme | Damaged status | Not for loan | Permanent Location | Current Location | Shelving location | Date acquired | Total Checkouts | Full call number | Barcode | Date last seen | Date last checked out | Price effective from | Koha item type | Public note |
|---|---|---|---|---|---|---|---|---|---|---|---|---|---|---|---|---|
| Military College of Signals (MCS) | Military College of Signals (MCS) | General Stacks | 10/26/2022 | 2 | 621.381,FLO | MCS32377 | 04/30/2024 | 04/15/2024 | 10/26/2022 | Book | Almirah No.28, Shelf No.5 |
